000 00473nam a2200169Ia 4500
008 230524s9999 xx 000 0 und d
020 _a978938232749
082 _bRAM
100 _aR.Ramanujam
_942995
245 0 _a"Computational Electromagnetic Transients : Modeling,Solution Methods and Simulation"
250 _a1
260 _aNew Delhi
_bI.K.International
_c2014
300 _a"XV,573p;"
500 _aQuantity Number: 1
650 _aElectronics
942 _cBK
999 _c57944
_d57944